The Internet in China : (Record no. 591673)
[ view plain ]
| 000 -LEADER | |
|---|---|
| fixed length control field | 01369cam a22003254a 4500 |
| 001 - CONTROL NUMBER | |
| control field | 14456000 |
| 005 - DATE AND TIME OF LATEST TRANSACTION | |
| control field | 20221011120611.0 |
| 008 - FIXED-LENGTH DATA ELEMENTS--GENERAL INFORMATION | |
| fixed length control field | 060717s2006 nyu b 001 0 eng |
| 010 ## - LIBRARY OF CONGRESS CONTROL NUMBER | |
| LC control number | 2006023496 |
| 020 ## - INTERNATIONAL STANDARD BOOK NUMBER | |
| International Standard Book Number | 0415976553 (hardback : alk. paper) |
| 040 ## - CATALOGING SOURCE | |
| Original cataloging agency | DLC |
| Transcribing agency | DLC |
| Modifying agency | DLC |
| 043 ## - GEOGRAPHIC AREA CODE | |
| Geographic area code | a-cc--- |
| 050 00 - LIBRARY OF CONGRESS CALL NUMBER | |
| Classification number | HM851 |
| Item number | .T35 2006 |
| 082 00 - DEWEY DECIMAL CLASSIFICATION NUMBER | |
| Classification number | 303.48330951 |
| Author Mark | TAI |
| 100 1# - MAIN ENTRY--PERSONAL NAME | |
| Personal name | Tai, Zixue. |
| 9 (RLIN) | 99849 |
| 245 14 - TITLE STATEMENT | |
| Title | The Internet in China : |
| Remainder of title | cyberspace and civil society / |
| Statement of responsibility, etc. | Zixue Tai. |
| 260 ## - PUBLICATION, DISTRIBUTION, ETC. | |
| Place of publication, distribution, etc. | New York : |
| Name of publisher, distributor, etc. | Routledge, |
| Date of publication, distribution, etc. | c2006. |
| 300 ## - PHYSICAL DESCRIPTION | |
| Extent | xxii, 365 p. ; |
| Dimensions | 24 cm. |
| 490 0# - SERIES STATEMENT | |
| Series statement | Routledge studies in new media and cyberculture |
| 504 ## - BIBLIOGRAPHY, ETC. NOTE | |
| Bibliography, etc. note | Includes bibliographical references (p. 315-340) and index. |
| 650 #0 - SUBJECT ADDED ENTRY--TOPICAL TERM | |
| Topical term or geographic name entry element | Internet |
| General subdivision | Social aspects |
| Geographic subdivision | China. |
| 9 (RLIN) | 99850 |
| 650 #0 - SUBJECT ADDED ENTRY--TOPICAL TERM | |
| Topical term or geographic name entry element | Internet |
| General subdivision | Political aspects |
| Geographic subdivision | China. |
| 9 (RLIN) | 99851 |
| 650 #0 - SUBJECT ADDED ENTRY--TOPICAL TERM | |
| Topical term or geographic name entry element | Civil society |
| Geographic subdivision | China. |
| 9 (RLIN) | 99852 |
| 650 #0 - SUBJECT ADDED ENTRY--TOPICAL TERM | |
| Topical term or geographic name entry element | Information policy |
| Geographic subdivision | China. |
| 9 (RLIN) | 99853 |
| 856 41 - ELECTRONIC LOCATION AND ACCESS | |
| Materials specified | Table of contents only |
| Uniform Resource Identifier | <a href="http://www.loc.gov/catdir/toc/ecip0618/2006023496.html">http://www.loc.gov/catdir/toc/ecip0618/2006023496.html</a> |
| 856 42 - ELECTRONIC LOCATION AND ACCESS | |
| Materials specified | Publisher description |
| Uniform Resource Identifier | <a href="http://www.loc.gov/catdir/enhancements/fy0664/2006023496-d.html">http://www.loc.gov/catdir/enhancements/fy0664/2006023496-d.html</a> |
| 906 ## - LOCAL DATA ELEMENT F, LDF (RLIN) | |
| a | 7 |
| b | cbc |
| c | orignew |
| d | 1 |
| e | ecip |
| f | 20 |
| g | y-gencatlg |
| 942 ## - ADDED ENTRY ELEMENTS (KOHA) | |
| Source of classification or shelving scheme | |
| Koha item type | Book |
| Withdrawn status | Lost status | Source of classification or shelving scheme | Damaged status | Not for loan | Permanent Location | Current Location | Shelving location | Date acquired | Source of acquisition | Total Checkouts | Total Renewals | Full call number | Barcode | Checked out | Date last seen | Price effective from | Koha item type |
|---|---|---|---|---|---|---|---|---|---|---|---|---|---|---|---|---|---|
| Central Library (CL) | Central Library (CL) | Chinese Studies | 10/11/2022 | Donated by China Embassy | 2 | 303.48330951 TAI | CL-D-2033 | 05/13/2026 | 10/11/2022 | 10/11/2022 | Book |
